000 01077nam a2200313 i 4500
001 47475
003 ES-MaACL
005 20250822004112.0
007 t|
008 030428s2002 sp |||| | spa j
020 _a84-01-53056-3
080 _a929 Felipe (460) V (093)(04)
080 _a930(460)"17/19"
080 _a94(460)"1700/46":930
100 0 _aGarcía Cárcel, Ricardo,
_d1948-
_954339
245 1 0 _aFelipe V y los españoles
_b: una visión periférica del problema de España /
_cRicardo García Cárcel.
250 _a1ª ed.
260 _aBarcelona :
_bPlaza & Janés,
_c2002.
300 _a350 p., [8] p. de lám ;
_c23 cm.
490 1 _aAsí fue ;
_v50
500 _aÍndice.
504 _aBibliografía: p. 317-[339]
600 0 4 _aFelipe
_bV,
_cRey de España-
_vHistoriografía
_949184
650 4 _aHistoriografía-
_zEspaña-
_vHistoria.
_9151630
651 4 _aEspaña-
_xHistoria-
_y1700-1746, Felipe V-
_vHistoriografía.
_98238
830 0 _aAsí fue ;
_v50
_9179780
852 _aES-MaACL
_jL-26229
999 _c47475
_d47475